000 00469nam a2200181Ia 4500
001 13640
005 20260306164816.0
008 260306t2013||||xx |||||||||||||| ||spa||
041 _aESP
082 _a005.1
_bR91
100 _aRubin, Kenneth S.
_eAUT
245 0 _aEssential scrum:
_ba practical guide to the most popular agile process
260 _c2013
300 _axli, 452 páginas :
_c23 cm.
650 _aGEN
654 _aCCC
942 _cLIB
_dJUS
_fJUS
_2ddc
_n
999 _c13640
_d13640